Datang tepat pada masanya

Bibliographic Details
Main Author: Muhammad bin Harun
Format: Book
Published: Selangor : Hasrat Murni , 2006
Series:Siri anak wawasan teratai
Subjects:

MARC

LEADER 00000cam a2200000 7i4500
001 0000000232
005 20151222.0
008 070627
020 |a 9830602893 
020 |a 9830602923(set) 
090 0 0 |a JF   |b MAL (250) 
100 0 |a Muhammad bin Harun 
245 1 0 |a Datang tepat pada masanya   |c Muhammad bin Harun 
260 |a Selangor :   |b Hasrat Murni ,   |c 2006 
440 |a Siri anak wawasan teratai 
500 |a Children ages 7-9 years old (orange) 
650 0 |a Children's stories, Malay 
650 0 |a Malay fiction 
999 |a 0000920652   |b Book   |c Children Collection   |e Cawangan Bukit Gambir 
999 |a 0000920653   |b Book   |c Children Collection   |e Cawangan Bukit Gambir 
999 |a 0000920654   |b Book   |c Children Collection   |e Cawangan Bukit Gambir 
999 |a 0000931308   |b Book   |c Children Collection   |e Cawangan Tangkak 
999 |a 0000931309   |b Book   |c Children Collection   |e Cawangan Tangkak 
999 |a 0000931310   |b Book   |c Children Collection   |e Cawangan Tangkak 
999 |a 0000955891   |b Book   |c Children Collection   |e Cawangan Taman Universiti 
999 |a 0000955892   |b Book   |c Children Collection   |e Perbadanan Perpustakaan Awam Johor 
999 |a 0000955893   |b Book   |c Children Collection   |e Perbadanan Perpustakaan Awam Johor 
999 |a 0000955894   |b Book   |c Children Collection   |e Cawangan Bandar Tenggara 
999 |a 0000955895   |b Book   |c Children Collection   |e Cawangan Taman Universiti 
999 |a 0000957899   |b Book   |c Children Collection   |e Cawangan Bandar Penawar 
999 |a 0001146750   |b Book   |c Children Collection   |e Cawangan Bandar Penawar